000 00929aam a2200313 i 4500
001 768714001
003 CO-MdFUSB
005 20250827090549.0
007 ta
008 250827t1984 -us |||| |||| 00| 0 spa d
020 _a0-88113-010-9
040 _cCO-MdFUSB
041 0 _aspa
_heng
082 0 4 _223
_a248.844
_bW556a
100 1 _aWheat, Ed
_eautor
240 _aLove-life for every married couple
245 1 3 _aEl amor que no se apaga
_c/ Ed Wheat ; traducido por M. Francisco Liévano R.
264 1 _bBetania,
_aNashville, TN., USA :
_c[1984]
264 4 _c©1984
300 _a224 páginas
336 _atexto
_btxt
_2rdacontent
337 _2rdamedia
_asin mediación
_bn
338 _2rdacarrier
_avolumen
_bnc
563 _aRústico
650 7 _aMatrimonio
_xAspectos religiosos
_bCristianismo
_9291
700 _aLiévano R., M. Francisco,
_911826
_etraductor
942 _cBK
945 _aJTF-925
999 _c32166
_d32166